Statistiken für Deutsche Lieder nach Buchstabe - F

Klicken Sie hier um das Quiz zu spielen!

Allgemein

  • Dieses Quiz wurde 154 mal gespielt
  • Das Durchschnittsergebnis liegt bei 5 aus 18

Antwortstatistiken

TitelInterpret% Korrekt
Flugzeuge im BauchOli. P & Tina Frank
76%
Fiesta MexicanaRex Gildo
52%
FreiheitWesternhagen
50%
FeuerwerkWincent Weiss
45%
Für mich soll's rote Rosen regnenHildegard Knef
41%
Fata MorganaEAV
38%
Für immer jungBushido feat. Karel Gott
31%
Frauen regier’n die WeltRoger Cicero
30%
FledermauslandTrailerpark
24%
FürstenfeldS.T.S.
22%
Für dichYvonne Catterfeld
22%
Freitag, SamstagHarris & Ford feat. Finch Asozial
13%
Für immer und dichRio Reiser
13%
Füchse(Absolute) Beginner feat. Samy Deluxe
12%
Fichtl's LiedDie Woodys
12%
Frei zu seinIn Extremo
7%
FederkleidFaun
6%
Fremd im eigenen LandAdvanced Chemistry
2%

Verteilung der Resultate

Perzentil nach korrekt beantworteten Fragen

Anzahl Personen mit jedem Resultat

Ihre Resultats-Entwicklung

Sie haben dieses Quiz noch nicht gespielt